Reglamento interior del Somatén del distrito de Sans
Publicado:
[s.l., s.n :
1927
Descripción Física:
7 p. ; 14 cm
MARC
| LEADER | 00000nam a2200000Ia 4500 | ||
|---|---|---|---|
| 001 | 12535 | ||
| 008 | 160829s1927?] xx 000 0 cat d | ||
| 080 | |a RF-4-12 | ||
| 245 | |a Reglamento interior del Somatén del distrito de Sans | ||
| 260 | |a [s.l., s.n., |c 1927?] | ||
| 300 | |a 7 p. ; |c 14 cm | ||
| 650 | |a Sometent |x Barcelona |x Reglaments i procediment |9 25742 | ||
| 856 | 4 | |u https://media.diba.cat/diba/fitxers/arxiu/fulletons/bib_12535_1927_baixa.pdf |y Accés lliure | |
| 856 | 4 | |u https://media.diba.cat/diba/fitxers/arxiu/fulletons/bib_12535_1927_baixa.pdf |y Accés lliure | |
| 901 | |a Arxiu | ||
| 942 | |n 1 |2 udc | ||
| 952 | |0 0 |1 0 |4 0 |6 RF412 |7 1 |9 43775 |a Arxiu |b Arxiu |d 2016-12-01 |l 0 |o RF-4-12 |p 12535 |r 2016-12-01 00:00:00 |w 2016-12-01 |y ARXIU | ||
| 999 | |c 46323 |d 46323 | ||
| 900 | |a bib_12535_1927_baixa.pdf | ||